/ 3



Kamagata Maru (Record no. 27769)

MARC details
000 -LEADER
fixed length control field 00210nam a22000977a 4500
008 - FIXED-LENGTH DATA ELEMENTS--GENERAL INFORMATION
fixed length control field 230929b |||||||| |||| 00| 0 eng d
100 ## - MAIN ENTRY--PERSONAL NAME
Personal name Ajmer Rode
245 ## - TITLE STATEMENT
Title Kamagata Maru
300 ## - PHYSICAL DESCRIPTION
Number of Pages 120
942 ## - ADDED ENTRY ELEMENTS (KOHA)
Koha item type Books
Holdings
Accession Number Lost status Damaged status Price effective from Koha item type Not for loan Collection code Withdrawn status Home library Current library Shelving location Date acquired
56039     09/19/2019 Books   Punjabi Department Books   RCL RCL General Stacks 09/19/2019

Find us on the map

Contact Us

RAMANUJAN COLLEGE UNIVERSITY OF DELHI, KALKAJI, NEW DELHI 110019
library@ramaanujan.du.ac.in
011-35002219
https://library.ramanujancollege.ac.in/
ramanujancollegelibrary
                                 
Customized & Maintained by Department of Library
Visitor Counter